000 00525nam a2200181Ia 4500
001 18798
005 20260306171657.0
008 260306s9999||||xx |||||||||||||| ||und||
041 _aESP
082 _a658.5
_bI493
100 _aIyer, Ananth V.
_eAUT
245 0 _aAdministración de la cadena de suministro de Toyota:
_bun enfoque estratégico a los principios del célebre sistema de Toyota
260 _c2010
300 _axii, 226 páginas :
_c23 cm.
650 _aGEN
654 _aCAN
942 _cLIB
_dJUS
_fJUS
_2ddc
_n
999 _c18798
_d18798